| 000 | 00415nam a22001817i 4500 | ||
|---|---|---|---|
| 001 | 7885 | ||
| 003 | OSt | ||
| 005 | 20170126082405.0 | ||
| 007 | tu | ||
| 008 | 161220s1982 xxu||||| |||| 00| 0 d | ||
| 020 | _a0-08-023870X | ||
| 024 | 7 |
_a7885 _2RID |
|
| 040 | _cOSt | ||
| 100 | 1 | _aAbouchar, Alan | |
| 245 | 0 | 0 | _aEconomic Evaluation of Soviet Socialism |
| 260 |
_aNew York usw. : _bPergamon Press, _c1982. |
||
| 300 | _a151 S. | ||
| 942 | _cB | ||
| 999 |
_c6672 _d6672 |
||